000 00426nam a2200181Ia 4500
001 19384
005 20260306172649.0
008 260306t2014||||xx |||||||||||||| ||spa||
041 _aESP
082 _a658.8343
_bR716
100 _aRao, Vithala R.
_eAUT
245 0 _aApplied conjoint analysis
260 _c2014
300 _axv, 389 páginas :
_c24 cm.
650 _aGEN
654 _aCAN
942 _cLIB
_dJUS
_fJUS
_2ddc
_n
999 _c19384
_d19384